| 000 | 00496nam a2200181Ia 4500 | ||
|---|---|---|---|
| 005 | 20250326141135.0 | ||
| 008 | 250326s9999 xx 000 0 und d | ||
| 037 | _aTextbook | ||
| 040 |
_aFMSL _beng _cFMSL |
||
| 041 |
_aeng _2eng |
||
| 084 | _qFMSL | ||
| 100 | _aRamnarayan S | ||
| 245 | 0 |
_aManagerial dilemonas: Organizational behaviour _cRamnarayan S; Rao R M |
|
| 260 |
_aNew Delhi _bNew Delhi, Tata McGraw-Hill _c1996 |
||
| 300 | _a470p | ||
| 942 | _cTB | ||
| 999 |
_c1288888 _d1288888 |
||